Longman business English dictionary
Enregistré dans:
| Format: | Livre |
|---|---|
| Langue: | anglais |
| Publié: |
Harlow
Longman
2000
|
| Sujets: | |
| Tags: |
Pas de tags, Soyez le premier à ajouter un tag!
|
MARC
| LEADER | 00000nam$a2200000$$$4500 | ||
|---|---|---|---|
| 001 | 0021815 | ||
| 005 | 20240111124959.9 | ||
| 020 | |a 0-582-30606-X | ||
| 041 | 0 | |a eng | |
| 044 | |a GB | ||
| 245 | 1 | 0 | |a Longman business English dictionary |
| 264 | 1 | |a Harlow |b Longman |c 2000 | |
| 300 | |a 533 s. | ||
| 610 | 2 | 0 | |a obchod |
| 610 | 2 | 0 | |a podnikanie |
| 610 | 2 | 0 | |a jazykoveda |
| 610 | 2 | 0 | |a jazyky cudzie |
| 610 | 2 | 0 | |a terminológia |
| 610 | 2 | 0 | |a angličtina |